Sławni złoczyńcy #2 - Statystyki

Ogólne statystyki
  • Ten quiz został rozwiązany 12 razy
  • Średni wynik to 4 z 22
Statystyki odpowiedzi
Wskazówka Złoczyńca % Poprawnych
Ojciec Luke'a Skywalkera Darth Vader
90%
Złoczyńca z X-Men, który potrafi kontrolować metal Magneto
60%
Zdradził Jezusa za 30 srebrników Judasz Iskariota
40%
Przywódca Decepticonów Megatron
40%
Władca Transylwanii, który nabijał ludzi na pal Wład Palownik
40%
Przerwał przemówienie Taylor Swift podczas wręczenia nagród Kanye West
20%
Wujek Simby, który knuje intrygi Scar
20%
Superkomputerowy złoczyńca z „Terminatora” Skynet
20%
Dowodził Al-Kaidą do 2011 roku Usama ibn Ladin
20%
Złoczyńca z filmu Bond, który zaatakował Fort Knox Auric Goldfinger
10%
Euroterrorysta z "Szklanej pułapki" Hans Gruber
10%
Nosi maskę hokejową i posługuje się maczetą Jason Voorhees
10%
Facet, który zastrzelił Abrahama Lincolna John Wilkes Booth
10%
Czarodziejka z legend arturiańskich Morgan le Fay
10%
Garbaty król, który powiedział: "moje królestwo za konia" Ryszard III
10%
Przeciwnik He-Mana Skeletor
10%
Dziecko „Family Guy”, które planuje dominację nad światem Stewie Griffin
10%
Próbuje złapać Strusia Pędziwiatra Wile E. Coyote
10%
Złoczyńcy ze Star Treka, którzy próbują zasymilować wszystkich Borg
0%
Wściekły pies Stephena Kinga Cujo
0%
Nastoletni tyran z „Gry o tron” Joffrey Baratheon
0%
„Dostanę cię, moja śliczna, i twojego małego pieska też!” Wicked Zła czarownica z Zachodu
0%
Nie znaleziono quizów pasujących do podanych kryteriów
Rozkład punktacji
Procent ludzi z każdym wynikiem
Percentyl według liczby udzielonych odpowiedzi
Twoja historia wyników
Nie rozwiązałeś tego quizu